Welcome to the Holygrace Academy Library

Please use search bar below to get started

THE ART OF PUBLIC SPEAKING (Record no. 3677)

MARC details
000 -LEADER
fixed length control field 00303nam a22001337a 4500
082 ## - DEWEY DECIMAL CLASSIFICATION NUMBER
Classification number 825
Item number JAM/A
100 ## - MAIN ENTRY--AUTHOR NAME
Personal name JAMES,RAHUL
245 ## - TITLE STATEMENT
Title THE ART OF PUBLIC SPEAKING
250 ## - EDITION STATEMENT
Edition statement FIRST
260 ## - PUBLICATION, DISTRIBUTION, ETC. (IMPRINT)
Place of publication KOZHIKODE
Name of publisher DRONACHARYA PUBLICATIONS
Year of publication 2014
300 ## - PHYSICAL DESCRIPTION
Number of Pages 544
650 ## - SUBJECT ADDED ENTRY--TOPICAL TERM
Topical Term SPEECHES
Geographic subdivision KERALA
942 ## - ADDED ENTRY ELEMENTS (KOHA)
Koha item type Books
Holdings
Withdrawn status Lost status Collection code Home library Current library Shelving location Date acquired Source of acquisition Full call number Accession Number Koha item type
    Reference Main Library Main Library SHELF-16B -ENGLISH SPEECHES,ESSAYS,QUOTES 22/09/2015 PURCHASE 825 JAM/A 09769 Books